Welcome to WEB OPAC of MRSPTU Central Library

Food Analysis Theory & Practice (Record no. 7485)

MARC details
000 -LEADER
fixed length control field 00493nam a2200181Ia 4500
008 - FIXED-LENGTH DATA ELEMENTS--GENERAL INFORMATION
fixed length control field 230711s9999||||xx |||||||||||||| ||und||
020 ## - INTERNATIONAL STANDARD BOOK NUMBER
International Standard Book Number 978-93-86800-66-4
041 ## - LANGUAGE CODE
Language code of text/sound track or separate title ENG
082 ## - DEWEY DECIMAL CLASSIFICATION NUMBER
Classification number 641.3
Item number PO-F
100 ## - MAIN ENTRY--PERSONAL NAME
Personal name Pomeranz,Yeshajahu
245 #0 - TITLE STATEMENT
Title Food Analysis Theory & Practice
250 ## - EDITION STATEMENT
Edition statement 4th Ed.
260 ## - PUBLICATION, DISTRIBUTION, ETC.
Date of publication, distribution, etc. 2020
Place of publication, distribution, etc. New Delhi
Name of publisher, distributor, etc. Medtech A Division of Scientific International
300 ## - PHYSICAL DESCRIPTION
Extent 709p.
650 ## - SUBJECT ADDED ENTRY--TOPICAL TERM
Topical term or geographic name entry element Food Science and Technology
700 ## - ADDED ENTRY--PERSONAL NAME
Personal name Meloan,Clifton E
942 ## - ADDED ENTRY ELEMENTS (KOHA)
Koha item type Book
Holdings
Withdrawn status Lost status Damaged status Not for loan Collection Home library Current library Date acquired Source of acquisition Cost, normal purchase price Inventory number Total checkouts Full call number Barcode Date last seen Date last checked out Price effective from Koha item type
          MRSPTU Central Library MRSPTU Central Library   Technical Bureau India PVT.LTD 695.00 TB47244713 1 641.3 PO-F P1852 02/22/2024 02/22/2024 08/17/2023 Book
          MRSPTU Central Library MRSPTU Central Library   Technical Bureau India PVT.LTD 695.00 TB47244713   641.3 PO-F P1853 08/17/2023   08/17/2023 Book

Website Designed and Developed by MRSPTU Central Library Team

E-mail Id: librarian@mrsptu.ac.in